<?xml version="1.0" encoding="UTF-8"?>
<marc:record xmlns:marc="http://www.loc.gov/MARC21/slim">
   <marc:leader>00000nam a2200000 a 4500</marc:leader>
   <marc:datafield ind1="1" ind2=" " tag="100">
      <marc:subfield code="a">Philippi, Hilde</marc:subfield>
      <marc:subfield code="4">aut</marc:subfield>
      <marc:subfield code="e">Verfasser/-in</marc:subfield>
   </marc:datafield>
   <marc:datafield ind1="1" ind2=" " tag="100">
      <marc:subfield code="a">Walter, Marlene</marc:subfield>
      <marc:subfield code="4">aut</marc:subfield>
      <marc:subfield code="e">Verfasser/-in</marc:subfield>
   </marc:datafield>
   <marc:datafield ind1="0" ind2="0" tag="245">
      <marc:subfield code="a">Meine ersten Minigeschichten mit österreichischem Wortschatz</marc:subfield>
   </marc:datafield>
   <marc:datafield ind1="0" ind2="0" tag="245">
      <marc:subfield code="c">Hilde Philippi ; Marlene Walter ; gezeichnet von Ana Zavadlav</marc:subfield>
   </marc:datafield>
   <marc:datafield ind1=" " ind2="1" tag="264">
      <marc:subfield code="a">Klosterneuburg bei Wien</marc:subfield>
      <marc:subfield code="b">Breitschopf Medien Verlag GmbH &amp; Co. KG.</marc:subfield>
      <marc:subfield code="c">2021</marc:subfield>
   </marc:datafield>
   <marc:datafield ind1="1" ind2=" " tag="490">
      <marc:subfield code="a">Lesespaß für Lesestarter</marc:subfield>
   </marc:datafield>
   <marc:datafield ind1="1" ind2=" " tag="520">
      <marc:subfield code="a">In diesem Buch werden Freude und Spaß am Lesen vermittelt. Spielerisch kommen die Lesestarter von Zeile zu Zeile und von Bild zu Bild zum Leseziel. Das macht Lesestartern nicht nur Spaß, sondern fördert auch deren Motivation lesen zu lernen. Die kurzen Geschichten mit Anna und Georg führen durch eine bunte, aufregende Welt.</marc:subfield>
   </marc:datafield>
   <marc:datafield ind1=" " ind2=" " tag="020">
      <marc:subfield code="a">9783700445050</marc:subfield>
      <marc:subfield code="9">9783700445050</marc:subfield>
   </marc:datafield>
   <marc:datafield ind1=" " ind2=" " tag="020">
      <marc:subfield code="a">3700445059</marc:subfield>
      <marc:subfield code="9">3700445059</marc:subfield>
   </marc:datafield>
   <marc:datafield ind1=" " ind2=" " tag="041">
      <marc:subfield code="a">ger</marc:subfield>
   </marc:datafield>
   <marc:datafield ind1=" " ind2=" " tag="300">
      <marc:subfield code="a">61 Seiten : überw. Ill.</marc:subfield>
   </marc:datafield>
</marc:record>
